The Koran interpreted / (Record no. 20711)
[ view plain ]
| 000 -LEADER | |
|---|---|
| fixed length control field | 00622cam a2200217 4500 |
| 001 - CONTROL NUMBER | |
| control field | 279148 |
| 003 - CONTROL NUMBER IDENTIFIER | |
| control field | BDDh-ASL |
| 005 - DATE AND TIME OF LATEST TRANSACTION | |
| control field | 20231015025927.0 |
| 008 - FIXED-LENGTH DATA ELEMENTS--GENERAL INFORMATION | |
| fixed length control field | 700821s1964 nyu 001 0 eng |
| 010 ## - LIBRARY OF CONGRESS CONTROL NUMBER | |
| LC control number | 64009828 |
| 040 ## - CATALOGING SOURCE | |
| Original cataloging agency | DLC |
| Transcribing agency | DLC |
| Modifying agency | DLC |
| -- | BDDh-ASL |
| 050 00 - LIBRARY OF CONGRESS CALL NUMBER | |
| Classification number | BP109 |
| Item number | .A7 1955a |
| 082 00 - DEWEY DECIMAL CLASSIFICATION NUMBER | |
| Classification number | 297.12 |
| Item number | QUK |
| 100 1# - MAIN ENTRY--PERSONAL NAME | |
| 9 (RLIN) | 1634 |
| Personal name | Arberry, A. J. |
| 130 ## - MAIN ENTRY--UNIFORM TITLE | |
| Uniform title | Koran. English. |
| 245 14 - TITLE STATEMENT | |
| Title | The Koran interpreted / |
| Statement of responsibility, etc. | by Arthur J. Arberry. Combined in one volume. |
| 260 ## - PUBLICATION, DISTRIBUTION, ETC. | |
| Place of publication, distribution, etc. | New York: |
| Name of publisher, distributor, etc. | Macmillan |
| Date of publication, distribution, etc. | [c1964] |
| 300 ## - PHYSICAL DESCRIPTION | |
| Extent | 675 p. |
| Dimensions | 16 cm. |
| 906 ## - LOCAL DATA ELEMENT F, LDF (RLIN) | |
| a | 7 |
| b | cbc |
| c | orignew |
| d | u |
| e | ncip |
| f | 19 |
| g | y-gencatlg |
| 942 ## - ADDED ENTRY ELEMENTS (KOHA) | |
| Source of classification or shelving scheme | Dewey Decimal Classification |
| Koha item type | Books |
| Withdrawn status | Lost status | Source of classification or shelving scheme | Damaged status | Not for loan | Collection code | Home library | Current library | Shelving location | Date acquired | Source of acquisition | Total Checkouts | Full call number | Barcode | Date last seen | Copy number | Price effective from | Koha item type |
|---|---|---|---|---|---|---|---|---|---|---|---|---|---|---|---|---|---|
| Dewey Decimal Classification | Non-fiction | Asiatic Society Library | Asiatic Society Library | General Stacks | 01/13/2021 | ASB Collection | 297.12 QUK | 104187 | 01/13/2021 | C-1 | 01/13/2021 | Books |